| 000 | 01165nam a22002415i 4500 | ||
|---|---|---|---|
| 001 | 152464 | ||
| 003 | ES-MaACL | ||
| 005 | 20250718191210.0 | ||
| 008 | 961128s1882 sp |||| | spa d | ||
| 080 | _a001.94 Atlántida | ||
| 100 | 1 |
_aBotella y de Hornos, Federico de, _d1822-1899 _930760 |
|
| 245 | 1 | 3 |
_aLa Atlántida : _b[pruebas geológicas de su existencia, fauna, flora, situación y época de su hundimiento] / _cpor Federico de Botella y de Hornos. |
| 260 |
_aMadrid : _b[s.n.], _c1882 ( _fImp. de Fortanet) |
||
| 300 |
_a28 p., [1] h. de map. col. pleg. ; _c23 cm. |
||
| 594 | _aSubtítulo tomado de cub. | ||
| 595 | _aSeparata de: Congreso Internacional de Americanistas de Madrid. | ||
| 596 | _aEn cub. consta 1884. | ||
| 650 | 4 |
_aAtlántida. _910406 |
|
| 711 | 2 |
_aCongreso Internacional de Americanistas _n(4º. _d1881. _cMadrid) _9148029 |
|
| 852 | 4 |
_aES-MaACL _jB-7464(9) _z- Enc. hol., conservando la enc. original _z- Enc. en un vol. facticio _z- Legado de Federico de Botella y de Hornos |
|
| 852 | 4 |
_aES-MaACL _jT-362-F-2 _z- Enc. hol., falto de la enc. original _z- Enc. en un vol. facticio |
|
| 999 |
_c152464 _d152464 |
||